000 00924nas a2200325 4500
001 BR0403664
003 BR-BrBNA
005 20231205104729.0
007 ta
008 230509b bl.|||p| |||| 00| 00por d
040 _aBR-BrBNA
_bpor
_cBiblioteca Nacional de Agricultura
041 _a(Pt)
072 _aL74
100 1 _aCattani, C.S. de O.
100 1 _aColodel, E.M.
100 1 _aTraverso, S.D.
100 1 _aCorrea, A.M.R.
100 1 _aDriemeier, D.
245 1 _aIntoxicação experimental por Dodonea viscosa (Sapindaceae)em bovinos
650 _aBOVINO
650 _aINTOXICAÇÃO
650 _aPLANTA TÓXICA
650 _aNECROSE
650 _aINGESTÃO
650 _aSINTOMA
650 _aFÍGADO
773 0 _tPesquisa Veterinária Brasileira (Brazil)
_xISSN 0100-736X
_g(Jan-Mar 2004), v. 24(1) p. 31-34
_wBR0403664
909 _a202311
_bLúcia
_c55
_dLúcia Elande
942 _2AGRIS
_n0
_cANA
999 _c179452
_d179452